Dictámen acerca del tema 5º del Congreso Nacional Mercantil de Barcelona "Causas de nuestros desfavorables cambios con la Repúblicas hispano-americanas, medios que deben adoptarse para mejorarlos" / (Record no. 167717)

MARC details
000 -LEADER
campo de control de longitud fija 01038nam a22002175i 4500
001 - NÚMERO DE CONTROL
campo de control 167717
003 - IDENTIFICADOR DE NÚMERO DE CONTROL
campo de control ES-MaACL
005 - FECHA Y HORA DE LA ÚLTIMA TRANSACCIÓN
campo de control 20250901094904.0
008 - DATOS DE LONGITUD FIJA--INFORMACIÓN GENERAL
campo de control de longitud fija 050927s1892 sp | |||||||| ||spa d
040 ## - FUENTE DE CATALOGACIÓN
Centro catalogador/agencia de origen CAM
Lengua de catalogación spa
Centro/agencia transcriptor CAM
100 1# - ENTRADA PRINCIPAL--NOMBRE DE PERSONA
Nombre de persona Viver, Eudaldo.
9 (RLIN) 133804
245 10 - MENCIÓN DEL TÍTULO
Título Dictámen acerca del tema 5º del Congreso Nacional Mercantil de Barcelona "Causas de nuestros desfavorables cambios con la Repúblicas hispano-americanas, medios que deben adoptarse para mejorarlos" /
Mención de responsabilidad, etc. por Edualdo Viver.
260 ## - PUBLICACIÓN, DISTRIBUCIÓN, ETC.
Lugar de publicación, distribución, etc. Sabadell :
Nombre del editor, distribuidor, etc. [s.n.],
Fecha de publicación, distribución, etc. 1892 (
Fabricante Imprenta, litografía y encuadernación de J. Comas)
300 ## - DESCRIPCIÓN FÍSICA
Extensión 24 p. ;
Dimensiones 21 cm.
594 ## - Nota al título y mención de responsabilidad
Nota al título y mención de responsabilidad Precede al tít.: Gremio de Fabricantes y Cámara de Comercio de Sabadell.
651 #4 - PUNTO DE ACCESO ADICIONAL DE MATERIA--NOMBRE GEOGRÁFICO
Nombre geográfico España-
Subdivisión general Comercio exterior.
9 (RLIN) 8178
710 00 - ENTRADA AGREGADA--NOMBRE DE ENTIDAD CORPORATIVA
Nombre de entidad corporativa o nombre de jurisdicción como elemento de entrada Gremio de Fabricantes de Sabadell.
9 (RLIN) 4492
710 2# - ENTRADA AGREGADA--NOMBRE DE ENTIDAD CORPORATIVA
Nombre de entidad corporativa o nombre de jurisdicción como elemento de entrada Cámara Oficial de Comercio e Industria de Sabadell
9 (RLIN) 2361
852 ## - LOCALIZACIÓN
Ubicación ES-MaACL
Número de control de estantería T-713-F-4
Nota libre -- Enc. hol., conservando la cub. original
-- -- Enc. en un vol. facticio
Holdings
Estatus retirado Estado de pérdida Estado de daño No para préstamo Colección Biblioteca de origen Biblioteca actual Ubicación en estantería Fecha de adquisición Total de préstamos Signatura topográfica completa Código de barras Visto por última vez Precio de reemplazo Tipo de ítem Koha
        Colección de folletos Biblioteca del Ateneo de Madrid Biblioteca del Ateneo de Madrid Depósito folletos 17/01/2008   T-713-F-4 1175952 23/02/2023 23/02/2023 Folleto